000 01256nam0a2200325 4500
001 RU\NLR\bibl\2034570
005 20250616215715.0
010 _a978-5-271-44917-8
_92000
021 _aRU
_b2013-32287
_92216
035 _a(NLR Aleph) 002022154
090 _a4509780
_c4509780
100 _a20130518d2013 |||y0rusy50 ca
101 1 _arus
_cchi
102 _aRU
105 _ay |||||||||
200 1 _aДесять слов про Китай
_e[сборник эссе]
_fЮй Хуа
_g[пер. с кит. Р.Г. Шапиро]
210 _aМосква
_cАстрель
_d2013
215 _a220, [2] с.
_d21
305 _aНа 4-й с. обл. авт.: Юй Хуа лауреат премий им. Джеймса Джойса, фр. премии "Курьер интернасиональ" и др.
320 _aДр. работы авт. на 4-й с. обл.
333 _a12 +
686 _aШ6(5Кит)77-46{Лх2179-100/140}
700 1 _4070
_7ca
_8rus
_aЮй Хуа
_f1960-
_9178372
_3RU\NLR\AUTH\770178423
702 1 _aШапиро
_bР. Г.
_gРоман Георгиевич
_4730
801 0 _aRU
_bNLR
_c20130518
_gRCR
801 1 _aRU
_bNLR
_c20130518
942 _cBOOK
980 _aNB